| 000 | 01260nam a2200229 a 4500 | ||
|---|---|---|---|
| 001 | 000939345 | ||
| 003 | AM-YeHGA | ||
| 005 | 20250617145813.0 | ||
| 008 | 130219s2011 ||| r 000 0 rus d | ||
| 020 | _a9785932541081 | ||
| 040 | _aAM-YeHGA | ||
| 041 | 0 | _arus | |
| 100 | 1 | _aВасильев, Петр Назарович | |
| 245 | 1 | 0 |
_aТехнологические схемы комбинированного и подземного способов разработки угольных месторождений Республики Саха (Якутия) / _cП.Н. Васильев, В.П. Зубков; Отв. ред Б.Н. Заровняев; Учреждение РАН, Ин-т горного дела Севера им. Н.В. Черского Сиб. отд. РАН. |
| 260 |
_aЯкутск : _bИзд-во Ин-та мерзловедения СО РАН, _c2011. |
||
| 300 |
_a116 с. : _bил., табл. |
||
| 653 | 0 | _aУгольные месторождения - Якутия | |
| 700 | 1 | _aЗубков, Владимир Петрович | |
| 700 | 1 |
_aЗаровняев, Б.Н. _eред. _4edt |
|
| 710 | 2 |
_aИнститут горного дела Севера РАН _bСибирское отделение |
|
| 090 | _c320550 | ||
| 999 |
_c318817 _d318817 |
||